000 00464cam a2200181 4500
001 D8390
008 090401t1976 xxu||||| |||| 00| 0 eng d
035 _a(Sirsi) u12647
041 _aeng
050 _a692.9
110 _aRoyal Institute of British Architects
_92527
245 _aStandard form of nominated sub-contract 1963, July 1976 revision
260 _aLondon
_bRIBA
_c1976
300 _a27p. 30cm
350 _a0
942 _n0
948 _c04/03/1997
999 _c87019
_d87019